| 000 | 00822nam a2200289 a 4500 | ||
|---|---|---|---|
| 008 | |||
| 020 | _a034076239X (pbk.) | ||
| 049 | _aMAIN | ||
| 090 | _aQP34.5CLA | ||
| 100 | 1 | _aClancy, John, | |
| 245 | 1 | 0 |
_aPhysiology & anatomy : _ba homeostatic approach / _cJohn Clancy, Andrew J. McVicar. |
| 260 |
_aLondon : _bE. Arnold, _c1995. |
||
| 300 |
_axii, 734 p. : _bill. ; _c26 cm. |
||
| 504 | _aIncludes bibliographical references. | ||
| 500 | _aIncludes index. | ||
| 650 | 1 | 2 | _aPhysiology. |
| 650 | 2 | 2 | _aAnatomy. |
| 650 | 2 | 2 | _aHomeostasis. |
| 650 | 0 | _aHuman anatomy. | |
| 650 | 0 | _aHuman physiology. | |
| 700 | 1 | _aMcVicar, Andrew J. | |
| 907 |
_a.b10179677 _b17-11-05 _c21-10-05 |
||
| 003 | |||
| 005 | 20230123134126.0 | ||
| 040 | _cNUST | ||
| 942 |
_cBOOKS _kQP34.5CLA |
||
| 999 |
_c160487 _d160487 |
||